Normal view
MARC view
- Luh, Bor Shiun .
Entry Personal Name
001 - CONTROL NUMBER
- control field: 1036
003 - CONTROL NUMBER IDENTIFIER
- control field: OSt
005 - DATE AND TIME OF LATEST TRANSACTION
- control field: 20160719143735.0
008 - FIXED-LENGTH DATA ELEMENTS
- fixed length control field: 160719|| aca||aabn | a|a d
040 ## - CATALOGING SOURCE
- Original cataloging agency: OSt
- Transcribing agency: OSt
100 ## - HEADING--PERSONAL NAME
- Personal name: Luh, Bor Shiun .
670 ## - SOURCE DATA FOUND
- Source citation: Work cat.: (OSt)1492: Luh, Bor Shiun ., Commercial Vegetable Processing / , 2014
